Current NBA Players by Nickname - Statistics

General Stats
  • This quiz has been taken 23 times
  • The average score is 21 of 60
Answer Stats
Nickname Player % Correct
The King LeBron James
94%
The Beard James Harden
88%
The Slim Reaper Kevin Durant
88%
The King of New York Jalen Brunson
82%
The Spider Donovan Mitchell
76%
The Greek Freak Giannis Antetokounmpo
76%
The Claw Kawhi Leonard
76%
The Joker Nikola Jokic
71%
The Baby-Faced Assassin Stephen Curry
71%
The Extraterrestrial Victor Wembanyama
71%
The Brow Anthony Davis
65%
The Anamoly Jayson Tatum
65%
The Maine Event Cooper Flagg
59%
The Process Joel Embiid
59%
The Jruth Jrue Holiday
59%
The Brodie Russell Westbrook
59%
The Unicorn Kristaps Porzingis
47%
The Time Lord Robert Williams
47%
The Stifle Tower Rudy Gobert
47%
The Gravedigger Jaylen Brown
41%
The Dorture Chamber Luguentz Dort
41%
The Paw Patrick Williams
41%
The Black Samurai Rui Hachimura
41%
The Smooth Operator Cade Cunningham
35%
The Fro Jarrett Allen
35%
The Electrician Klay Thompson
35%
The Matador Luka Doncic
35%
The Dancing Bear Draymond Green
29%
The Moment Tyrese Haliburton
29%
The Franchise Tyrese Maxey
29%
The General De'Aaron Fox
24%
The Baptist John Collins
24%
The Mustang Keldon Johnson
24%
The Dunngeon Kris Dunn
24%
The Warden Mikal Bridges
24%
The Block Ness Monster Mitchell Robinson
24%
The Big Kiwi Steven Adams
24%
The Slenderman Brandon Ingram
18%
The Buffalo Derrick White
18%
The Big Ragu Donte DiVincenzo
18%
The Great Barrier Thief Dyson Daniels
18%
The Black Falcon Harrison Barnes
18%
The Blue Arrow Jamal Murray
18%
The Bosnian Beast Jusuf Nurkic
18%
The Accountant Alex Caruso
12%
The Godfather Al Horford
12%
The Pythagorean Theorem Brandin Podziemski
12%
The Swiss Bank Clint Capela
12%
The Young Bull Collin Sexton
12%
The Seatbelt Jaden McDaniels
12%
The Lithuanian Lightning Jonas Valanciunas
12%
The Microwave Jordan Poole
12%
The Beyblade Julius Randle
12%
The Marksman Lauri Markkanen
12%
The Cobra Marcus Smart
12%
The Alchemist Nic Claxton
12%
The Shadow Toumani Camara
12%
The Prospect Andrew Wiggins
0%
The Flame Thrower Jordan Clarkson
0%
The Tsunami Papi Kelly Oubre
0%
No matching quizzes found
Score Distribution
Percent of People with Each Score
Percentile by Number Answered
Your Score History
You have not taken this quiz